000 00235nam a22000857a 4500
999 _c10921
_d10921
008 180407b ||||| |||| 00| 0 eng d
100 _aGururani, Chandra Kailesh
_96730
245 _aInformatics Practice
260 _aMeerut
_bArihant Prakashan